All 200k+ Cities in Northern America - Statistics

General Stats
  • This quiz has been taken 115 times
  • The average score is 135 of 224
Answer Stats
Country State Population City % Correct
Mexico Mexico City 9,209,944 Mexico City
98%
United States Texas 2,304,580 Houston
95%
United States Minnesota 429,954 Minneapolis
95%
United States California 1,386,932 San Diego
95%
United States Washington 737,015 Seattle
95%
United States Texas 961,855 Austin
94%
United States Illinois 2,746,388 Chicago
94%
United States Texas 1,304,379 Dallas
94%
United States Colorado 715,522 Denver
94%
United States Nevada 641,903 Las Vegas
94%
Canada Quebec 1,704,694 Montreal
94%
United States New York 8,804,190 New York
94%
United States Texas 1,434,625 San Antonio
94%
United States California 873,965 San Francisco
94%
Canada British Columbia 631,486 Vancouver
94%
United States Massachusetts 675,647 Boston
93%
United States Georgia 206,922 Columbus
93%
United States Ohio 905,748 Columbus
93%
United States Indiana 887,642 Indianapolis
93%
United States California 3,898,747 Los Angeles
93%
United States Pennsylvania 1,603,797 Philadelphia
93%
United States Oregon 652,503 Portland
93%
Canada Ontario 2,731,571 Toronto
93%
United States Alaska 291,247 Anchorage
92%
United States Georgia 498,715 Atlanta
92%
United States North Carolina 874,579 Charlotte
92%
Canada Alberta 932,546 Edmonton
92%
United States Florida 949,611 Jacksonville
92%
United States Florida 442,241 Miami
92%
United States Tennessee 689,447 Nashville
92%
United States Louisiana 383,997 New Orleans
92%
United States Oklahoma 681,054 Oklahoma City
92%
Canada Quebec 531,902 Quebec City
92%
United States Florida 384,959 Tampa
92%
United States New Mexico 564,559 Albuquerque
91%
United States Michigan 639,111 Detroit
91%
Mexico Jalisco 1,385,621 Guadalajara
91%
United States Hawaii 350,964 Honolulu
91%
United States Missouri 508,090 Kansas City
91%
United States Tennessee 633,104 Memphis
91%
United States Arizona 1,608,139 Phoenix
91%
United States Pennsylvania 302,971 Pittsburgh
91%
United States Virginia 226,610 Richmond
91%
United States California 524,943 Sacramento
91%
United States California 1,013,240 San Jose
91%
United States Arizona 542,629 Tucson
91%
United States District of Columbia 689,545 Washington
91%
United States Maryland 585,708 Baltimore
89%
United States New York 278,349 Buffalo
89%
Canada Alberta 1,239,220 Calgary
89%
United States Ohio 309,317 Cincinnati
89%
United States Colorado 478,961 Colorado Springs
89%
United States Texas 678,815 El Paso
89%
United States Texas 918,915 Fort Worth
89%
United States Missouri 301,578 St. Louis
89%
United States Idaho 235,684 Boise
88%
United States Kentucky 633,045 Louisville
88%
United States Florida 307,573 Orlando
88%
Canada Ontario 934,243 Ottawa
88%
United States North Carolina 467,665 Raleigh
88%
United States Nevada 264,165 Reno
88%
United States Oklahoma 413,066 Tulsa
88%
United States Louisiana 227,470 Baton Rouge
87%
United States Alabama 200,733 Birmingham
87%
United States Ohio 372,624 Cleveland
87%
United States California 542,107 Fresno
87%
United States Virginia 459,470 Virginia Beach
87%
United States Wisconsin 577,222 Milwaukee
86%
United States New Jersey 311,549 Newark
86%
United States Nebraska 486,051 Omaha
86%
United States Minnesota 311,527 Saint Paul
86%
United States Ohio 270,871 Toledo
86%
Canada Manitoba 705,224 Winnipeg
86%
United States Iowa 214,133 Des Moines
84%
Mexico Baja California 1,810,645 Tijuana
82%
United States New Jersey 292,449 Jersey City
81%
United States Arizona 504,258 Mesa
81%
Mexico Nuevo León 1,142,952 Monterrey
81%
Mexico Puebla 1,542,232 Puebla
81%
United States Kansas 397,532 Wichita
81%
Mexico Quintana Roo 888,797 Cancún
80%
United States Wisconsin 269,840 Madison
80%
United States California 314,998 Riverside
80%
United States Texas 317,863 Corpus Christi
79%
United States Nebraska 291,082 Lincoln
79%
United States California 466,742 Long Beach
79%
United States California 440,646 Oakland
79%
United States California 346,824 Anaheim
78%
Canada Nova Scotia 403,131 Halifax
78%
United States Kentucky 322,570 Lexington
78%
United States Arkansas 202,591 Little Rock
78%
United States Alabama 200,603 Montgomery
78%
United States New York 211,328 Rochester
76%
United States Colorado 386,261 Aurora
75%
United States Indiana 263,886 Fort Wayne
74%
United States Washington 228,989 Spokane
74%
United States California 403,455 Bakersfield
73%
Mexico Chihuahua 925,762 Chihuahua
73%
United States North Carolina 283,506 Durham
73%
United States North Carolina 299,035 Greensboro
73%
Canada Saskatchewan 246,376 Saskatoon
73%
United States North Carolina 249,545 Winston–Salem
73%
United States Nevada 317,610 Henderson
71%
United States Nevada 262,527 North Las Vegas
71%
Canada Saskatchewan 215,106 Regina
71%
United States California 320,804 Stockton
71%
United States Texas 255,205 Laredo
69%
United States Virginia 238,005 Norfolk
69%
United States Florida 258,308 St. Petersburg
69%
United States Washington 219,346 Tacoma
69%
United States Texas 200,393 Amarillo
68%
United States Texas 394,266 Arlington
68%
Canada Ontario 536,917 Hamilton
68%
United States Texas 257,141 Lubbock
68%
United States New York 211,569 Yonkers
68%
United States Georgia 202,081 Augusta
67%
Mexico Chihuahua 1,501,551 Ciudad Juárez
67%
United States California 310,227 Santa Ana
67%
United States Alabama 215,006 Huntsville
66%
Mexico Guanajuato 1,579,803 León
66%
United States California 222,101 San Bernardino
66%
Mexico Tamaulipas 332,100 Victoria
66%
Mexico Oaxaca 258,913 Oaxaca
65%
Mexico San Luis Potosí 845,941 San Luis Potosí
65%
United States California 275,487 Chula Vista
64%
United States Arizona 248,325 Glendale
64%
United States Texas 285,494 Plano
64%
Mexico Veracruz 537,963 Veracruz
64%
United States Massachusetts 206,518 Worcester
64%
United States California 307,670 Irvine
62%
United States Arizona 241,361 Scottsdale
62%
Mexico Aguascalientes 863,893 Aguascalientes
61%
United States Arizona 275,987 Chandler
61%
Mexico Durango 616,068 Durango
61%
Canada Ontario 721,599 Mississauga
61%
United States Virginia 249,422 Chesapeake
60%
Canada Ontario 383,822 London
60%
United States Arizona 267,918 Gilbert
59%
United States California 218,464 Modesto
59%
Mexico Yucatán 921,771 Mérida
58%
Mexico Querétaro 794,789 Querétaro
56%
Mexico Baja California 854,186 Mexicali
54%
Mexico Guerrero 658,609 Acapulco
53%
Mexico Campeche 249,623 Campeche
53%
United States California 230,504 Fremont
53%
Canada Ontario 217,188 Windsor
53%
United States Texas 256,684 Irving
51%
Mexico Coahuila 690,193 Torreón
51%
United States California 228,673 Santa Clarita
49%
United States North Carolina 208,501 Fayetteville
47%
United States Texas 246,018 Garland
47%
United States Florida 223,109 Hialeah
46%
Canada Quebec 422,993 Laval
45%
Mexico Sonora 855,563 Hermosillo
44%
Canada Ontario 593,638 Brampton
42%
Canada British Columbia 517,887 Surrey
42%
Mexico State of Mexico 223,876 Toluca
42%
Canada Ontario 233,222 Kitchener
41%
United States Florida 204,851 Port St. Lucie
41%
United States California 202,063 Oxnard
40%
Mexico State of Mexico 1,643,623 Ecatepec
38%
United States Texas 200,509 Frisco
38%
Canada Quebec 276,245 Gatineau
36%
Mexico Baja California Sur 202,694 Cabo San Lucas
35%
United States California 208,393 Fontana
35%
United States California 208,634 Moreno Valley
33%
Mexico Tamaulipas 416,055 Nuevo Laredo
33%
Mexico Coahuila 864,431 Saltillo
33%
Canada British Columbia 232,755 Burnaby
32%
Mexico Jalisco 224,166 Puerto Vallarta
32%
Mexico Baja California Sur 250,141 La Paz
31%
Canada Ontario 306,233 Vaughan
31%
Mexico Tamaulipas 510,739 Matamoros
29%
Mexico Sinaloa 808,416 Culiacán
28%
Mexico Michoacán 743,275 Morelia
28%
Mexico Tamaulipas 691,557 Reynosa
28%
Canada Quebec 239,700 Longueuil
27%
Canada Ontario 328,966 Markham
26%
Mexico Baja California 330,652 Ensenada
25%
Mexico Veracruz 443,063 Xalapa
25%
Mexico Jalisco 1,257,547 Zapopan
25%
Mexico Sinaloa 441,975 Mazatlán
24%
Mexico State of Mexico 1,072,676 Nezahualcóyotl
24%
Mexico Morelos 341,029 Cuernavaca
22%
Mexico Tabasco 340,060 Villahermosa
22%
Mexico Sonora 261,137 Nogales
20%
Mexico Chiapas 578,830 Tuxtla Gutiérrez
20%
Mexico Sonora 329,404 Ciudad Obregón
19%
Mexico Nuevo León 635,862 Guadalupe
18%
Mexico Quintana Roo 304,942 Playa del Carmen
18%
Mexico Hidalgo 297,848 Pachuca
16%
Mexico Tamaulipas 297,373 Tampico
16%
Mexico Guanajuato 452,090 Irapuato
14%
Mexico Coahuila 237,169 Monclova
14%
Mexico Nayarit 371,387 Tepic
14%
Mexico State of Mexico 658,907 Tlalnepantla
13%
Mexico Guanajuato 378,143 Celaya
12%
Mexico Nuevo León 536,436 Ciudad Apodaca
12%
Mexico Durango 301,742 Gómez Palacio
12%
Mexico State of Mexico 911,168 Naucalpan
12%
Mexico Michoacán 299,523 Uruapan
12%
Mexico State of Mexico 703,215 Chimalhuacán
11%
Mexico Nuevo León 454,967 General Escobedo
11%
Mexico State of Mexico 368,585 Ixtapaluca
11%
Mexico Sinaloa 298,009 Los Mochis
11%
Mexico Nuevo León 412,199 San Nicolás de los Garza
11%
Mexico Jalisco 650,123 Tlaquepaque
11%
Mexico State of Mexico 515,353 Cuautitlán Izcalli
9%
Mexico Jalisco 442,440 Tonalá
9%
Mexico Guerrero 225,728 Chilpancingo
8%
Mexico Nuevo León 304,052 Santa Catarina
8%
Mexico San Luis Potosí 310,192 Soledad
8%
Mexico Puebla 293,825 Tehuacán
8%
Mexico State of Mexico 523,065 Ciudad López Mateos
7%
Mexico State of Mexico 323,545 Ciudad Nicolás Romero
7%
Mexico Veracruz 212,540 Coatzacoalcos
7%
Mexico Nuevo León 234,698 García
7%
Mexico Chiapas 217,550 Tapachula
7%
Mexico Nuevo León 308,285 Ciudad Benito Juárez
6%
Mexico State of Mexico 384,327 Xico
6%
Mexico Tamaulipas 205,933 Madero
5%
Mexico State of Mexico 386,290 Ojo de Agua
5%
Mexico State of Mexico 216,776 Buenavista
4%
Mexico State of Mexico 293,245 San Francisco Coacalco
2%
No matching quizzes found
Score Distribution
Percent of People with Each Score
Percentile by Number Answered
Your Score History
You have not taken this quiz